[Event "21st Reykjavik op"]
[Site "Reykjavik ISL"]
[Date "2004.03.07"]
[Round "1.3"]
[White "Aronian, Levon"]
[Black "Thorfinnsson, Bjorn"]
[WhiteElo "2648"]
[BlackElo "2340"]
[Result "1-0"]
[EventDate "2004.03.07"]
[PlyCount "59"]

1.d4 Nf6 2.c4 e6 3.Nc3 Bb4 4.Qc2 d5 5.cxd5 exd5 6.Bg5 c6 7.e3 Nbd7 8.Bd3 
Nf8 9.Ne2 Ng6 10.O-O Bd6 11.f3 Be6 12.Kh1 c5 13.dxc5 Bxc5 14.Bxf6 gxf6 15.
f4 Ne7 16.f5 Bc8 17.e4 b6 18.exd5 Bb7 19.Rae1 O-O 20.Qc1 Nxd5 21.Be4 Be3 
22.Qc2 Re8 23.Bxd5 Bxd5 24.Rd1 Rc8 25.Qb1 Bd2 26.Nf4 Bxf4 27.Rxf4 Re5 28.
Qd3 Rc5 29.Rd4 Qe7 30.Qg3+ 1-0

[Event "21st Reykjavik op"]
[Site "Reykjavik ISL"]
[Date "2004.03.07"]
[Round "1.11"]
[White "Ingibergsson, Valgard"]
[Black "Luther, Thomas"]
[WhiteElo "1920"]
[BlackElo "2572"]
[Result "0-1"]
[EventDate "2004.03.07"]
[PlyCount "72"]

1.e4 c5 2.c4 Nc6 3.g3 g6 4.Bg2 Bg7 5.Ne2 d6 6.Nbc3 Nf6 7.d3 Nd7 8.O-O Nf8 
9.b3 Ne6 10.Bb2 h5 11.h3 Ned4 12.Nxd4 Bxd4 13.Na4 Bxb2 14.Nxb2 g5 15.Na4 
e5 16.Kh2 Be6 17.Nc3 Qf6 18.Ne2 Kf8 19.Qd2 h4 20.g4 Kg7 21.f3 Rhb8 22.Kg1 
Qd8 23.Kf2 b5 24.Nc3 Nd4 25.Ne2 Nc6 26.Nc3 a6 27.Rfd1 Kg6 28.Nd5 Bxd5 29.
exd5 Nd4 30.Rdc1 a5 31.Bf1 a4 32.Rab1 axb3 33.axb3 Ra3 34.Rc3 b4 35.Qb2 
bxc3 36.Qxa3 Ra8 0-1

[Event "21st Reykjavik op"]
[Site "Reykjavik ISL"]
[Date "2004.03.07"]
[Round "1.22"]
[White "Halldorsson, Bragi"]
[Black "Erenburg, Sergey"]
[WhiteElo "2211"]
[BlackElo "2523"]
[Result "0-1"]
[EventDate "2004.03.07"]
[PlyCount "48"]

{[%mdl 140]} 
1.d4 d5 2.c4 e6 3.Nc3 c6 4.Nf3 Nf6 5.Bg5 h6 {Moscow variation. Other 
theoretical options are:} ( 5...dxc4 {leads to Botvinnik variation.} ) ( 
5...Nbd7 {- Cambridge Springs.} ) 6.Bh4 {sacrificing the c4 pawn. More 
positional option of fighting for an advantage is} ( 6.Bxf6 Qxf6 ) 6...
dxc4 7.e4 g5 8.Bg3 b5 9.e5 $5 {Rare continuation.} ( {Much more popular, 
and, probably, more principle is} 9.Be2 Bb7 ( 9...Nbd7 10.d5 {0-1 Zhu 
Chen-Dreev,A/Shenyang 1999/CBM 73/[Kortschnoj] (48)} ) ( 9...b4 $6 10.Na4 
Nxe4 11.Be5 {1-0 Sakaev,K-Kobalija,M/St Petersburg 1998/CBM 67/[Lutz] (25)
} ) ( 9...Bb4 {0-1 Van Wely,L-Dao Thien Hai/Batumi 2001/CBM 86/[Lutz] (34)
} ) 10.h4 g4 11.Ne5 {0-1 Khalifman,A-Acs,P/Hoogeveen 2002/CBM 92/[Lutz] 
(35)} ) ( 9.Qc2 {0-1 Yurtaev,L-Shirov,A/Elista 1998/CBM 66 ext/[Lutz] (26)
} ) ( 9.Ne5 $5 {0-1 Jobava,B-Asrian,K/Dubai 2001/CBM 83/[Lutz] (52)} ) ( 
9.h4 $6 {0-1 Filippov,V-Novikov,I/Koszalin 1999/CBM 73/[Lutz] (69)} ) 9...
Nh5 $5 {Usually black occupies the d5 square, when white plays e4-e5. But 
in this particular case, my idea was to get a pair of bishops, eliminating
the white's dark-squared bishop.} ( {More popular is} 9...Nd5 {For 
instance:} 10.Nd2 ( 10.Be2 Qa5 11.Rc1 Bb7 12.O-O Nxc3 13.bxc3 Ba3 $15 14.
h4 $6 Bxc1 15.Qxc1 Qxa2 16.Qe3 Nd7 17.Nd2 O-O-O $19 {0-1 
Piket,J-Anand,V/Monte Carlo 1994/CBM 40 ext (37)} ) 10...Bb7 11.Be2 Nd7 
12.O-O Qb6 13.Nde4 c5 14.dxc5 Bxc5 15.a4 Nxc3 16.Nxc3 a6 $15 {0-1 
Lajthajm,B-Aleksandrov,A/Budva 2003/CBM 96 ext (39)} ) 10.Be2 Nxg3 {I took
immediately on g3, as I saw some attacking resources for white after 
ib7:} ( 10...Bb7 11.Nxg5 $1 {Typical idea.} ( {Worse is} 11.a4 b4 $5 12.
Ne4 c5 $5 13.Nxc5 Bxc5 14.dxc5 Qxd1+ 15.Rxd1 Nd7 $11 {0-1 
Popov,V-Dreev,A/Kazan 1995/CBM 51 (40)} ) 11...Nxg3 12.Nxf7 Kxf7 13.fxg3 
$1 Kg7 14.O-O {with very dangerous attack. For example:} 14...Bb4 15.Bh5 
Rf8 16.Qg4+ Qg5 17.Qxe6 Qxh5 18.Rxf8 Bxf8 19.Rf1 $40 ) 11.hxg3 {opening 
the "h" line. The capture by "f" pawn doesn't promise anything good:} ( 
11.fxg3 Nd7 12.O-O Qb6 13.Kh1 Bb7 14.Ne4 c5 $17 {0-1 
Fahimi,M-Escher,C/Schoeneck 1996/Juniors (40)} ) 11...Nd7 $146 {covering 
the f6 square. This move was played for the first time. In the previous 
game black tried} ( 11...Bb7 12.Ne4 Be7 13.Qd2 ( 13.Rh5 $5 ) 13...c5 14.
Nxc5 Bxc5 15.dxc5 Qxd2+ $15 {E-E Deues,E-Gschwendtner,K/Bayern 2002/EXT 
2003 (40) }) 12.a4 {attacking black's pawn construction.} ( 12.Qd2 {
doesn't seem like something dangerous for black.} 12...Rg8 ( 12...Be7 $5 )
) 12...Bb4 ( {Comes to consideration:} 12...Bb7 13.axb5 c5 $15 ) 13.Nd2 $6
{This natural move probably allows black to get an obvious advantage.} ( {
The only chance to prevent from black a big advantage was} 13.Kf1 $5 Bb7 
$5 ( {Worse is} 13...a6 14.axb5 Bxc3 15.bxc3 cxb5 16.Nd2 Bb7 17.Bf3 $13 ) 
14.axb5 c5 $132 ) 13...Bb7 14.Nde4 {Other options lead to big advantage 
for black as well:} ( 14.Bf3 Qb6 $17 ) ( 14.axb5 cxb5 15.Nxb5 Bxg2 16.Rh2 
Bd5 17.Nc3 Nb6 18.Bxc4 Bxc4 19.Nxc4 Nxc4 20.Qa4+ Qd7 21.Qxb4 Qxd4 $17 ) 
14...Be7 $1 {[%cal Gb5b4,Gc6c5] Now black is ready to push forward his 
queenside pawns.} 15.axb5 $6 {seems like a really bad move. But it is very
difficult to advice something to white.} ( 15.Bf3 {doesn't help too much:}
15...a6 16.axb5 axb5 ( 16...cxb5 $2 17.Nf6+ $16 ) 17.Rxa8 Qxa8 $17 ) 15...
cxb5 16.Bf3 Qb6 $17 {/-+. Black has got dream position in the opening. He 
is a pawn up and his pair of bishops are very active. At the same time, 
white didn't succeed to get any initiative, therefore, black's advantage 
is very obvious, almost decisive.} 17.O-O Rd8 18.Rxa7 $6 {Desperation. 
White tries to get some initiative, sacrificing material. His goal is to 
change the character of the struggle. But his attempt is refuted very 
easily.} ( {More resistant was} 18.Qc2 Nb8 $1 {[%cal Gb8c6] , but it is 
clear, that position favours black.} ) 18...Bxe4 19.Rxd7 Rxd7 20.Bxe4 Rxd4
$19 {Now black is exchange and pawn up without any counterchances from the
white's side. The rest is very simple.} 21.Qf3 O-O 22.Ne2 Rd2 23.Qh5 Kg7 
24.g4 $2 {blundering the knight. Anyway, white's position is hopeless.} 
24...Rxe2 0-1

[Event "21st Reykjavik op"]
[Site "Reykjavik ISL"]
[Date "2004.03.07"]
[Round "1.37"]
[White "Gunnarsson, Jon Viktor"]
[Black "Thorkelsson, Sigurjon"]
[WhiteElo "2376"]
[BlackElo "2012"]
[Result "1-0"]
[EventDate "2004.03.07"]
[PlyCount "99"]

1.e4 c6 2.d4 d5 3.e5 c5 4.dxc5 e6 5.Nf3 Bxc5 6.Bd3 h6 7.O-O Nc6 8.c3 a6 9.
Nbd2 Qc7 10.Nb3 Bb6 11.Qe2 Nge7 12.Bf4 g5 13.Bg3 Ng6 14.Nfd4 Bd7 15.Nxc6 
Bxc6 16.Qh5 Nf4 17.Bxf4 gxf4 18.Rfe1 Qe7 19.Qf3 Qg5 20.Nd4 Bxd4 21.cxd4 
O-O 22.Kh1 f5 23.exf6 Rxf6 24.Re5 Qg7 25.Rae1 Bd7 26.Rh5 Raf8 27.Rh4 Be8 
28.Rg4 Bg6 29.h4 h5 30.Rg5 R8f7 31.Ree5 Kf8 32.Bxg6 Rxg6 33.Qa3+ Re7 34.
Qd6 Kf7 35.Rgf5+ Rf6 36.Rxh5 f3 37.Reg5 fxg2+ 38.Kxg2 Rg6 39.Qf4+ Ke8 40.
Qb8+ Kf7 41.Qf4+ Ke8 42.Rxg6 Qxg6+ 43.Rg5 Qh7 44.Qb8+ Kf7 45.Rg4 Qh6 46.
Qg8+ Kf6 47.h5 Kf5 48.Rg3 Rh7 49.Qb8 Kf6 50.Rg6+ 1-0

[Event "21st Reykjavik op"]
[Site "Reykjavik ISL"]
[Date "2004.03.08"]
[Round "2.34"]
[White "Kjartansson, David"]
[Black "Bergsson, Stefan"]
[WhiteElo "2267"]
[BlackElo "2036"]
[Result "1-0"]
[EventDate "2004.03.07"]
[PlyCount "55"]

1.e4 e5 2.Nf3 Nc6 3.Bb5 a6 4.Ba4 d6 5.O-O Ne7 6.Re1 Ng6 7.c3 Be7 8.d4 Bd7 
9.Nbd2 O-O 10.Nf1 exd4 11.cxd4 b5 12.Bb3 Bg4 13.Be3 Na5 14.h3 Nxb3 15.axb3
Bc8 16.Qc2 Bb7 17.Ng3 Bf6 18.Nh5 Be7 19.d5 Re8 20.Qc3 Bf8 21.Bg5 Qd7 22.
Bf6 Ne5 23.Nxe5 dxe5 24.Nxg7 h6 25.Nxe8 Rxe8 26.Rac1 Ra8 27.Qxe5 Kh7 28.
Qg3 1-0

[Event "21st Reykjavik op"]
[Site "Reykjavik ISL"]
[Date "2004.03.08"]
[Round "2.37"]
[White "Ptacnikova, Lenka"]
[Black "Ingibergsson, Valgard"]
[WhiteElo "2214"]
[BlackElo "1920"]
[Result "1-0"]
[EventDate "2004.03.07"]
[PlyCount "109"]

1.e4 e5 2.Nf3 Nc6 3.Bb5 Bc5 4.O-O d6 5.c3 Bd7 6.d4 exd4 7.cxd4 Bb6 8.Nc3 
h6 9.Nd5 Nge7 10.Nxb6 axb6 11.d5 Ne5 12.Be2 Bg4 13.Nxe5 Bxe2 14.Qxe2 dxe5 
15.Bd2 O-O 16.Bc3 Ng6 17.a3 Re8 18.Rfd1 Qd7 19.g3 Rad8 20.Rac1 Kh7 21.Bb4 
f6 22.Rd2 Nh8 23.Kg2 Nf7 24.Rdc2 Rc8 25.h4 Nd6 26.Bxd6 Qxd6 27.Qg4 Red8 
28.h5 Qd7 29.Qxd7 Rxd7 30.Kf3 Kg8 31.Kg4 Kf8 32.Kf5 Kf7 33.f4 exf4 34.gxf4
Ke8 35.Rc3 Kd8 36.Rd1 Ra8 37.e5 fxe5 38.fxe5 Ra5 39.Rcd3 Rc5 40.e6 Re7 41.
Ke5 Rc2 42.R3d2 Rc4 43.d6 Rc5+ 44.Rd5 cxd6+ 45.Kxd6 Rc8 46.Ke5+ Ke8 47.Rd6
Rec7 48.Rxb6 Ke7 49.Rd5 g5 50.hxg6 h5 51.Rb4 Rg8 52.Rf4 Ke8 53.Rf7 Rc6 54.
g7 h4 55.Kf6 1-0

[Event "21st Reykjavik op"]
[Site "Reykjavik ISL"]
[Date "2004.03.08"]
[Round "2.38"]
[White "Thorkelsson, Sigurjon"]
[Black "Halldorsson, Bragi"]
[WhiteElo "2012"]
[BlackElo "2211"]
[Result "0-1"]
[EventDate "2004.03.07"]
[PlyCount "142"]

1.e4 c6 2.d4 d5 3.e5 Bf5 4.g4 Be4 5.f3 Bg6 6.h4 h5 7.Bd3 Bxd3 8.Qxd3 e6 9.
g5 Ne7 10.Nd2 Nf5 11.Nb3 Nd7 12.f4 Qb6 13.a4 a5 14.Ne2 c5 15.dxc5 Nxc5 16.
Nxc5 Bxc5 17.Qb5+ Qxb5 18.axb5 Ke7 19.Bd2 b6 20.O-O-O Rhc8 21.Kb1 g6 22.
Rh3 Rc7 23.Be1 Ke8 24.Rdd3 Rac8 25.c3 Ra8 26.b3 Rd7 27.Kb2 Kd8 28.Ng3 Ne7 
29.Rh2 Kc7 30.Rhd2 Rad8 31.b4 axb4 32.cxb4 Bxb4 33.Rc2+ Bc5 34.Bb4 Kb7 35.
Bxc5 bxc5 36.Rxc5 Rc7 37.Rxc7+ Kxc7 38.Ra3 Kb7 39.Kb3 Rc8 40.Ra6 Rc7 41.
Rd6 Nc8 42.Rd8 Kb6 43.f5 exf5 44.Rxd5 Ne7 45.Rd6+ Kxb5 46.e6 fxe6 47.Rxe6 
Kc5 48.Ne2 Nd5 49.Rxg6 Re7 50.Nc1 Re4 51.Rg8 Rxh4 52.Rf8 Ne7 53.g6 Rg4 54.
Rf7 Kd6 55.Rh7 h4 56.g7 Ke6 57.Nd3 Ng8 58.Rh8 Kf7 59.Rh5 Kg6 60.Rh8 Kxg7 
61.Rh5 Nh6 62.Ne5 Re4 63.Rg5+ Kf6 64.Rg6+ Kxe5 65.Rxh6 Rg4 66.Kc3 Kf4 67.
Rh5 Kg3 68.Rxf5 h3 69.Ra5 h2 70.Ra1 Kg2 71.Ra2+ Kh3 0-1

[Event "21st Reykjavik op"]
[Site "Reykjavik ISL"]
[Date "2004.03.09"]
[Round "3.25"]
[White "Halldorsson, Bragi"]
[Black "Bromann, Thorbjorn"]
[WhiteElo "2211"]
[BlackElo "2371"]
[Result "1/2-1/2"]
[EventDate "2004.03.07"]
[PlyCount "108"]

1.d4 Nf6 2.c4 e6 3.Nc3 Bb4 4.Qc2 O-O 5.Bg5 c5 6.e3 b6 7.Bd3 h6 8.Bh4 Bb7 
9.f3 cxd4 10.exd4 d5 11.Ne2 dxc4 12.Bxc4 Nbd7 13.O-O Rc8 14.Bb3 Be7 15.
Rad1 b5 16.Qd3 b4 17.Ne4 Qa5 18.Rfe1 Rfd8 19.Qb1 g5 20.Bf2 Nf8 21.N2g3 Bd5
22.Nxf6+ Bxf6 23.Ne4 Bg7 24.h4 Bxb3 25.axb3 Rd5 26.hxg5 hxg5 27.Rc1 Rxc1 
28.Qxc1 Qd8 29.Be3 Bxd4 30.Bxd4 Rxd4 31.Nxg5 Qb6 32.Kh1 Ng6 33.Ne4 Kg7 34.
Qg5 e5 35.g3 Rd3 36.f4 exf4 37.gxf4 Qd8 38.Qxd8 Rxd8 39.f5 Rh8+ 40.Kg1 Nh4
41.Ra1 Re8 42.Nd6 Rd8 43.Ra6 Rd7 44.Nc8 Nxf5 45.Ra4 Rb7 46.Nxa7 Ne7 47.Kf2
Kf6 48.Ra5 Rb6 49.Rc5 Ra6 50.Nb5 Ra2 51.Nd4 Rxb2+ 52.Ke1 Ng6 53.Rf5+ Kg7 
54.Kd1 f6 1/2-1/2

[Event "21st Reykjavik op"]
[Site "Reykjavik ISL"]
[Date "2004.03.09"]
[Round "3.37"]
[White "Halldorsson, Halldor"]
[Black "Thorkelsson, Sigurjon"]
[WhiteElo "2159"]
[BlackElo "2012"]
[Result "1-0"]
[EventDate "2004.03.07"]
[PlyCount "123"]

1.e4 c6 2.d4 d5 3.e5 c5 4.c3 Nc6 5.Nf3 cxd4 6.cxd4 Bf5 7.Nc3 e6 8.a3 a6 9.
Be2 Be4 10.Be3 Bxf3 11.Bxf3 Nge7 12.Qd3 Nf5 13.Rd1 Nxe3 14.fxe3 Be7 15.O-O
O-O 16.e4 dxe4 17.Qxe4 Qb6 18.Kh1 Rad8 19.d5 exd5 20.Nxd5 Qxb2 21.Rb1 Qxa3
22.Rxb7 Bg5 23.Qg4 h6 24.Nf6+ gxf6 25.Bxc6 Qd3 26.Rg1 Rd4 27.Qf3 fxe5 28.
Qf2 e4 29.Be8 f5 30.Qa2+ Qc4 31.Qa5 Qe6 32.Qc7 Be7 33.Qxe7 Qxe7 34.Rxe7 
Rf6 35.Bh5 Kf8 36.Rh7 Kg8 37.Ra7 Rfd6 38.g4 f4 39.g5 hxg5 40.Rxg5+ Kh8 41.
Re5 Rd7 42.Rxd7 Rxd7 43.Rxe4 Rd5 44.Be2 Ra5 45.Rxf4 Ra1+ 46.Kg2 Kg7 47.h4 
a5 48.Bb5 Rb1 49.Rf5 Ra1 50.Bc4 Rc1 51.Ba6 Ra1 52.Kg3 a4 53.Kg4 a3 54.Kh5 
Rg1 55.Ra5 Rg3 56.Be2 Re3 57.Bg4 Rg3 58.Kg5 Rc3 59.Ra7+ Kh8 60.Kf6 Rc6+ 
61.Be6 Rc3 62.Ra8+ 1-0

[Event "21st Reykjavik op"]
[Site "Reykjavik ISL"]
[Date "2004.03.09"]
[Round "3.38"]
[White "Ragnarsson, Johann"]
[Black "Ingibergsson, Valgard"]
[WhiteElo "2122"]
[BlackElo "1920"]
[Result "1-0"]
[EventDate "2004.03.07"]
[PlyCount "85"]

1.d4 d5 2.c4 c6 3.cxd5 cxd5 4.Bf4 Nc6 5.Nc3 e6 6.Rc1 Nf6 7.e3 Bd6 8.Bxd6 
Qxd6 9.Bd3 a6 10.f4 Bd7 11.Nf3 O-O 12.O-O Ng4 13.Bxh7+ Kh8 14.Ne5 Nh6 15.
Bb1 Ne7 16.g4 f5 17.g5 Ng4 18.Nxg4 fxg4 19.Qxg4 Nf5 20.Bxf5 exf5 21.Qh5+ 
Kg8 22.g6 Rfe8 23.Qh7+ Kf8 24.Qh8+ Ke7 25.Qxg7+ Kd8 26.Qf7 Re6 27.g7 Rg6+ 
28.Kh1 Qe6 29.Qxe6 Bxe6 30.Rg1 Rxg1+ 31.Rxg1 Ke7 32.h4 Kf7 33.h5 Kg8 34.
Rg6 Bf7 35.Rg5 Be6 36.Ne2 Rc8 37.Ng3 Rc1+ 38.Kg2 Rc2+ 39.Kf3 Rxb2 40.h6 
Rh2 41.Nxf5 Bxf5 42.Rxf5 Rxh6 43.Rxd5 1-0

[Event "21st Reykjavik op"]
[Site "Reykjavik ISL"]
[Date "2004.03.10"]
[Round "4.36"]
[White "Kjartansson, Olafur"]
[Black "Maack, Kjartan"]
[WhiteElo "2034"]
[BlackElo "2176"]
[Result "1/2-1/2"]
[EventDate "2004.03.07"]
[PlyCount "34"]

1.e4 e6 2.d4 d5 3.exd5 exd5 4.Nf3 Bd6 5.Bd3 Bg4 6.O-O Ne7 7.Re1 Nc6 8.c3 
Qd7 9.Nbd2 O-O-O 10.h3 Bh5 11.Nf1 f6 12.Ng3 Bf7 13.Qc2 Bg6 14.b4 Rde8 15.
Bd2 Bxd3 16.Qxd3 Bxg3 17.fxg3 Nf5 1/2-1/2

[Event "21st Reykjavik op"]
[Site "Reykjavik ISL"]
[Date "2004.03.10"]
[Round "4.37"]
[White "Bergsson, Stefan"]
[Black "Thorkelsson, Sigurjon"]
[WhiteElo "2036"]
[BlackElo "2012"]
[Result "1-0"]
[EventDate "2004.03.07"]
[PlyCount "69"]

1.e4 c6 2.d4 d5 3.e5 c5 4.dxc5 Nc6 5.Bb5 e6 6.Be3 Bd7 7.Bxc6 Bxc6 8.Nf3 
Qc7 9.c3 Ne7 10.O-O Ng6 11.Bd4 Bb5 12.Re1 Bxc5 13.Bxc5 Qxc5 14.Nbd2 O-O 
15.Nd4 Bd7 16.Qg4 Qb6 17.N2b3 f6 18.exf6 Rxf6 19.Re3 Rd8 20.Qe2 e5 21.Nf3 
e4 22.Nfd4 Nf4 23.Qd2 Rdf8 24.Rf1 h5 25.Nc1 h4 26.Nde2 Nh3+ 27.gxh3 Bxh3 
28.Rxh3 Rxf2 29.Qxd5+ R8f7 30.Rxf2 Qxf2+ 31.Kh1 Qf1+ 32.Ng1 Qxc1 33.Rxh4 
e3 34.Rf4 e2 35.Rxf7 1-0

[Event "21st Reykjavik op"]
[Site "Reykjavik ISL"]
[Date "2004.03.11"]
[Round "5.36"]
[White "Gretarsdottir, Gudfridur Lilja"]
[Black "Ingibergsson, Valgard"]
[WhiteElo "2071"]
[BlackElo "1920"]
[Result "1-0"]
[EventDate "2004.03.07"]
[PlyCount "97"]

1.e4 e5 2.Nf3 Nc6 3.Bb5 Bc5 4.c3 d6 5.O-O Bd7 6.d4 exd4 7.cxd4 Bb6 8.Nc3 
Nge7 9.Be3 O-O 10.a4 Bg4 11.d5 Ne5 12.Be2 Nxf3+ 13.Bxf3 Bxf3 14.Qxf3 Bxe3 
15.Qxe3 Kh8 16.Rfe1 Qd7 17.Rad1 a6 18.h3 f5 19.exf5 Nxf5 20.Qe6 Rf7 21.Re4
Raf8 22.Rde1 Re7 23.Qxd7 Rxd7 24.Ne2 Re7 25.Nf4 Rfe8 26.Rxe7 Rxe7 27.Rc1 
Nd4 28.Rc4 Nb3 29.Ne6 Na5 30.Rxc7 Rxc7 31.Nxc7 Kg8 32.Ne8 Nc4 33.b3 Kf7 
34.bxc4 Kxe8 35.f4 a5 36.Kf2 b6 37.Ke3 Kf7 38.Ke4 Kf6 39.g4 h6 40.h4 Kg6 
41.f5+ Kf7 42.Kf4 Kf6 43.g5+ Kf7 44.gxh6 gxh6 45.Kg4 Kf6 46.Kh5 Kg7 47.f6+
Kxf6 48.Kxh6 Kf5 49.Kg7 1-0

[Event "21st Reykjavik op"]
[Site "Reykjavik ISL"]
[Date "2004.03.11"]
[Round "5.38"]
[White "Thorkelsson, Sigurjon"]
[Black "Gunnarsson, Runar"]
[WhiteElo "2012"]
[BlackElo "2016"]
[Result "1-0"]
[EventDate "2004.03.07"]
[PlyCount "45"]

1.e4 c6 2.d4 d5 3.e5 Bf5 4.h4 h6 5.g4 Bh7 6.Bd3 Bxd3 7.Qxd3 e6 8.f4 Qa5+ 
9.Nc3 Nd7 10.Bd2 O-O-O 11.Nge2 Re8 12.Ng3 Qd8 13.O-O-O c5 14.dxc5 Bxc5 15.
Be3 Qb6 16.Bxc5 Qxc5 17.Nge4 Qb4 18.a3 Nc5 19.Nd6+ Kb8 20.axb4 Nxd3+ 21.
Rxd3 Rf8 22.Na4 Ne7 23.Nc5 1-0

[Event "21st Reykjavik op"]
[Site "Reykjavik ISL"]
[Date "2004.03.12"]
[Round "6.21"]
[White "Handke, Florian"]
[Black "Thorsteinsson, Thorsteinn"]
[WhiteElo "2459"]
[BlackElo "2278"]
[Result "1-0"]
[EventDate "2004.03.07"]
[PlyCount "139"]

1.d4 Nf6 2.c4 e6 3.Nf3 d5 4.Nc3 Nbd7 5.cxd5 exd5 6.Bg5 Be7 7.e3 c6 8.Qc2 
O-O 9.Bd3 Re8 10.O-O Nf8 11.h3 Be6 12.Ne5 N6d7 13.Bxe7 Qxe7 14.f4 f6 15.
Nf3 Bxh3 16.gxh3 Qxe3+ 17.Kh1 Qxf4 18.Bf5 Nb6 19.Rad1 Qh6 20.b3 Re3 21.Rd2
Rae8 22.Nd1 R3e7 23.Rg2 Nc8 24.Bxc8 Rxc8 25.Qf5 Rce8 26.Nf2 Ng6 27.Rfg1 
Qf4 28.Qh5 Re3 29.Rg3 R8e7 30.Ng4 R3e4 31.Ngh2 Re2 32.Rg4 Qe3 33.Qf5 Qe6 
34.Qb1 Qe3 35.h4 Re4 36.R4g3 Re7 37.h5 Nf4 38.Qf5 Ne6 39.Ng4 Qf4 40.Nxf6+ 
Kf8 41.Nxh7+ Ke8 42.Qxf4 Nxf4 43.Rxg7 Nxh5 44.Rg8+ Kd7 45.Rh8 Kc7 46.Nhg5 
Nf4 47.Rh2 Kb6 48.Rc1 Re8 49.Rf1 Nd3 50.Ng1 Re1 51.Rf7 Rg8 52.Nf3 Rf1 53.
Rhh7 Nf2+ 54.Kh2 Ng4+ 55.Kh3 Nf2+ 56.Kh2 Ng4+ 57.Kh3 Nf2+ 58.Kh4 Rgxg1 59.
Rxb7+ Ka5 60.Nxg1 Rxg1 61.Rhf7 Rh1+ 62.Kg3 Ne4+ 63.Kg2 Rc1 64.Rxa7+ Kb4 
65.Rfc7 Rc2+ 66.Kf3 Ng5+ 67.Kg4 Rg2+ 68.Kf5 Kc3 69.Rxc6+ Kd3 70.Rg6 1-0

[Event "21st Reykjavik op"]
[Site "Reykjavik ISL"]
[Date "2004.03.12"]
[Round "6.36"]
[White "Johnsen, Sylvia"]
[Black "Thorkelsson, Sigurjon"]
[WhiteElo "2083"]
[BlackElo "2012"]
[Result "1-0"]
[EventDate "2004.03.07"]
[PlyCount "101"]

1.c4 c5 2.Nc3 Nc6 3.Nf3 g6 4.g3 Bg7 5.Bg2 e6 6.O-O Nge7 7.b3 O-O 8.Bb2 d5 
9.Ne1 b6 10.f4 dxc4 11.bxc4 Qd4+ 12.e3 Qxc4 13.Rf2 e5 14.Ne4 f5 15.d3 Qe6 
16.Ng5 Qf6 17.Qb3+ Kh8 18.Nef3 Na5 19.Qa3 Nec6 20.Nxe5 Nxe5 21.Bxe5 Qe7 
22.Bxa8 Bxe5 23.d4 Bf6 24.Bd5 h6 25.Nh3 Rd8 26.Bf3 cxd4 27.Qxe7 Bxe7 28.
exd4 Bf6 29.Rd1 Rxd4 30.Rfd2 Rxd2 31.Rxd2 Ba6 32.Rd7 Bc4 33.Bd5 a6 34.Nf2 
b5 35.Bxc4 Nxc4 36.Ra7 a5 37.Rb7 b4 38.Kf1 Nd2+ 39.Ke2 Nb1 40.Nd1 Bd4 41.
Rb5 Nc3+ 42.Nxc3 bxc3 43.Rxa5 c2 44.Ra8+ Kg7 45.Rc8 g5 46.fxg5 hxg5 47.
Rxc2 Kg6 48.a4 Kf6 49.a5 Ke5 50.a6 Bg1 51.Rc7 1-0

[Event "21st Reykjavik op"]
[Site "Reykjavik ISL"]
[Date "2004.03.12"]
[Round "6.38"]
[White "Ingibergsson, Valgard"]
[Black "Palsson, Halldor"]
[WhiteElo "1920"]
[BlackElo "2021"]
[Result "1/2-1/2"]
[EventDate "2004.03.07"]
[PlyCount "95"]

1.e4 d5 2.exd5 Nf6 3.Nc3 Nxd5 4.Nge2 g6 5.Nxd5 Qxd5 6.Nc3 Qa5 7.Bc4 Bg7 8.
O-O O-O 9.Re1 e5 10.a3 Nc6 11.Nd5 Qc5 12.d3 Nd4 13.Bg5 Re8 14.c3 Nf5 15.
Qb3 Qd6 16.Ne3 Rf8 17.Rad1 c6 18.Qc2 b5 19.Ba2 h6 20.Nxf5 gxf5 21.Bh4 Qg6 
22.f3 f4 23.Bb1 Bf5 24.Qe2 Kh7 25.Kh1 Rg8 26.g3 fxg3 27.Bxg3 c5 28.Rg1 Qc6
29.Qg2 Qf6 30.Qe2 Rge8 31.Qf2 Bg6 32.Bc2 Rad8 33.Bh4 Qc6 34.Bxd8 Rxd8 35.
Qg2 Rd6 36.Bb3 Rf6 37.Rgf1 Rf4 38.Bc2 f5 39.Rd2 Bh5 40.Bd1 Bf6 41.b4 Bf7 
42.Qf2 Be7 43.Qe3 Bd6 44.bxc5 Qxc5 45.d4 exd4 46.Rxd4 Rxd4 47.cxd4 Qxa3 
48.Qxa3 1/2-1/2

[Event "21st Reykjavik op"]
[Site "Reykjavik ISL"]
[Date "2004.03.14"]
[Round "7.6"]
[White "Markus, Robert"]
[Black "Luther, Thomas"]
[WhiteElo "2527"]
[BlackElo "2572"]
[Result "1-0"]
[EventDate "2004.03.07"]
[PlyCount "87"]

1.d4 e6 2.c4 Nf6 3.Nf3 d5 4.g3 Bb4+ 5.Bd2 a5 6.Qc2 c5 7.dxc5 d4 8.Bxb4 
axb4 9.Bg2 Nc6 10.Nbd2 Qe7 11.O-O O-O 12.Nb3 e5 13.Nfd2 Re8 14.e3 Bg4 15.
Rfe1 Qd7 16.Bxc6 bxc6 17.exd4 Bf5 18.Qd1 exd4 19.Qf3 d3 20.Qf4 h6 21.Qd6 
Rxe1+ 22.Rxe1 Re8 23.Re5 Rxe5 24.Qxe5 Bg6 25.f3 Qa7 26.Qe1 Kh7 27.Kf2 Qd7 
28.Kg2 Qa7 29.Kf2 Qa6 30.a4 bxa3 31.bxa3 Qxa3 32.Qa1 Qb4 33.Qa8 Qc3 34.Qa1
Qc2 35.Ke3 h5 36.Nd4 Nd5+ 37.cxd5 Qxc5 38.dxc6 Qg5+ 39.f4 Qe7+ 40.Kf2 Qc5 
41.Nb3 Qc4 42.f5 Bxf5 43.Nxf5 Qc2+ 44.Kg1 1-0

[Event "21st Reykjavik op"]
[Site "Reykjavik ISL"]
[Date "2004.03.14"]
[Round "7.36"]
[White "Ingolfsdottir, Harpa"]
[Black "Ingibergsson, Valgard"]
[WhiteElo "2051"]
[BlackElo "1920"]
[Result "1/2-1/2"]
[EventDate "2004.03.07"]
[PlyCount "129"]

1.e4 e5 2.Nf3 Nc6 3.d4 exd4 4.Nxd4 Nge7 5.Bg5 Nxd4 6.Qxd4 Nc6 7.Qd5 Be7 8.
Bd2 O-O 9.a3 d6 10.f4 Be6 11.Qh5 f5 12.Bd3 Qe8 13.Qh3 Qg6 14.exf5 Bxf5 15.
Bxf5 Qxf5 16.Qxf5 Rxf5 17.Nc3 Nd4 18.O-O-O a6 19.g4 Rff8 20.Nd5 Bd8 21.f5 
Ne2+ 22.Kb1 c6 23.Rhe1 Nd4 24.Bf4 Nxf5 25.gxf5 Rxf5 26.Bxd6 cxd5 27.Re8+ 
Kf7 28.Rf8+ Ke6 29.Re1+ Kxd6 30.Rxf5 Bf6 31.Rh5 h6 32.Rd1 d4 33.c3 Re8 34.
cxd4 Re3 35.Kc2 Bg5 36.Rd3 Re2+ 37.Kc3 Bf4 38.h3 Bg5 39.b3 Rg2 40.h4 g6 
41.hxg5 gxh5 42.gxh6 Rg6 43.Rh3 Rxh6 44.Kc4 h4 45.a4 b6 46.b4 Rh5 47.d5 
Rh6 48.Kd4 Rh7 49.Rc3 h3 50.Rc6+ Kd7 51.Rxb6 Rh4+ 52.Kc5 h2 53.Rd6+ Ke7 
54.Re6+ Kf7 55.Re1 h1=Q 56.Rxh1 Rxh1 57.b5 axb5 58.axb5 Ke7 59.Kc6 Rc1+ 
60.Kb7 Rc5 61.b6 Rxd5 62.Kc6 Rd2 63.b7 Rc2+ 64.Kb6 Kd7 65.b8=Q 1/2-1/2

[Event "21st Reykjavik op"]
[Site "Reykjavik ISL"]
[Date "2004.03.14"]
[Round "7.37"]
[White "Thorkelsson, Sigurjon"]
[Black "Kjartansson, Olafur"]
[WhiteElo "2012"]
[BlackElo "2034"]
[Result "1/2-1/2"]
[EventDate "2004.03.07"]
[PlyCount "113"]

1.e4 c5 2.Nf3 d6 3.d4 cxd4 4.Nxd4 Nf6 5.Nc3 Nc6 6.Bg5 e6 7.Bxf6 Qxf6 8.Bb5
Bd7 9.Nce2 Qg6 10.Bxc6 bxc6 11.Ng3 h5 12.h4 Rb8 13.Rb1 Be7 14.c3 c5 15.Nf3
Bb5 16.c4 Bc6 17.Qe2 Qf6 18.b3 g6 19.Rd1 O-O 20.Ng5 Rbd8 21.Qe3 d5 22.cxd5
exd5 23.exd5 Bxd5 24.O-O Rfe8 25.Rfe1 Qc6 26.Qf4 Bd6 27.Rxe8+ Rxe8 28.Qf6 
Bxg3 29.Qxc6 Bxf2+ 30.Kxf2 Bxc6 31.Rc1 Re5 32.Nh3 Bb5 33.Rc2 c4 34.bxc4 
Rc5 35.Ke3 Rxc4 36.Rb2 a6 37.g3 Kg7 38.Nf4 Rc3+ 39.Kf2 Ba4 40.Nd5 Rc2+ 41.
Rxc2 Bxc2 42.Nb4 Bb1 43.Nxa6 Bxa2 44.Nb4 Bc4 45.Kf3 Bb3 46.Kf4 Bd1 47.Nd3 
Kf6 48.Nf2 Be2 49.Ne4+ Kg7 50.Kg5 Bg4 51.Nf6 Be6 52.Ne4 Bd5 53.Nf6 Bf3 54.
Nd7 Bg4 55.Nf6 Be6 56.Ne4 Bc8 57.Nf6 1/2-1/2

[Event "21st Reykjavik op"]
[Site "Reykjavik ISL"]
[Date "2004.03.15"]
[Round "8.14"]
[White "Handke, Florian"]
[Black "Sedlak, Nikola"]
[WhiteElo "2459"]
[BlackElo "2539"]
[Result "0-1"]
[EventDate "2004.03.07"]
[PlyCount "96"]

1.e4 c5 2.Nf3 d6 3.d4 cxd4 4.Nxd4 Nf6 5.Nc3 a6 6.Be3 e6 7.Be2 Be7 8.f4 O-O
9.O-O Nc6 10.Qe1 Bd7 11.Qg3 Qc7 12.Kh1 Kh8 13.Rae1 Rae8 14.Nxc6 Bxc6 15.
Bd4 b5 16.e5 dxe5 17.Bxe5 Qb7 18.Bd3 Rg8 19.Qh3 b4 20.Rg1 Rd8 21.Bxf6 Rxd3
22.cxd3 Bxf6 23.Ne4 Bxb2 24.f5 Qe7 25.fxe6 fxe6 26.Rgf1 h6 27.Qh5 Be8 28.
Qg4 Bb5 29.Re3 Rf8 30.Ref3 Rxf3 31.Qxf3 Kh7 32.Qg3 Bc6 33.Qh3 Be8 34.Qg3 
a5 35.h3 a4 36.Qb8 b3 37.Nd2 Bc3 38.Ne4 Bd4 39.axb3 a3 40.Qa8 Bb5 41.Ng5+ 
Qxg5 42.Qe4+ Qg6 43.Qxd4 Bxd3 44.Rf4 Bb1 45.Kh2 a2 46.Rg4 Qf7 47.Qe5 Bc2 
48.Rg3 Qf6 0-1